01446nas a2200253 a 4500003000900000005001700009007000300026008004100029022001400070040003000084041000800114245013800122264009700260300006500357336002700422337003400449338002800483362002600511500007800537520034300615650008300958650008201041650006901123DO-SdBNP20250512113336.0ta250512e2023 dr |n|p|r||||||0| | spa d a2960-7779 aDO-SdBNPbspacBNPHUerda hspa aRevista de divulgación científica en astronomía y educación : bobservatorio astronómico "Hoya de Enriquillo" : memoria.  aMella, provincia Independencia, República Dominicana : b[editor no identificado], c2023. avolumen : bilustraciones, fotografías, tablas ; c28 cm. atextobtxt2rdacontent asin mediación bn2rdamedia avolumenbnc2rdacarrier aAño 1. No. 1, 2023. aRevista gratuita, Mella, provincia Independencia, República Dominicana. aLa visión de la concepción del complejo Científico-Educativo-Turístico (C.C.E.T), nace de la necesidad de avanzar en calidad científica astronómica, ya que pudimos percibir en los antecedentes sobre el desarrollo de los estudios sobre el desarrollo de los estudios de astronomía al paso del tiempo en República Dominicana. 0aDivulgación científicavPublicaciones periódicaszRepública Dominicana 0aEducación xEnseñanzavPublicaciones periódicaszRepública Dominicana 0aAstronomíavPublicaciones periódicaszRepública Dominicana